000 00583nam a2200145Ia 4500
008 100122s9999 xx 000 0 und d
082 _b70897
_a824
100 _aठाकूर दिलीप
245 _aबारा ते तीन तीन ते सहा सहा ते नऊ
260 _bसंवेदना प्रकाशन
_c2006
300 _a151
630 _aबारा ते तीन तीन ते सहा सहा ते नऊ
730 _aबारा ते तीन तीन ते सहा सहा ते नऊ
942 _cBOOK
999 _c441620
_d441617